top 10 najpopularniejszych polskich napoi gazowanych - Statystyki

Ogólne statystyki
  • Ten quiz został rozwiązany 292 razy
  • Średni wynik to 5 z 10
Statystyki odpowiedzi
odpowjedzi % Poprawnych
1 coca cola
98%
2 pepsi
94%
5 fanta
91%
4 sprite
85%
7 monster
47%
8 tiger
36%
3 mirynda
15%
6 dr.peper
5%
9 grappa ice
2%
10 moutain dew
2%
Nie znaleziono quizów pasujących do podanych kryteriów
Rozkład punktacji
Procent ludzi z każdym wynikiem
Percentyl według liczby udzielonych odpowiedzi
Twoja historia wyników
Nie rozwiązałeś tego quizu